01558nam a22003734a 4500001001200000003000800012006001900020007001500039008004100054010001700095020001500112020002200127040002100149035002000170050002400190082001400214245016500228260006800393300001500461490006200476504005100538533015200589650003900741650002400780650002900804650004100833655002900874700003000903700002800933710001700961830006300978856012601041999001701167ebr10040861CaPaEBRm u cr cn|||||||||010529s2002 enk sb 001 0 eng  z 2001037352 z0521808235 z0521004276 (pbk.) aCaPaEBRcCaPaEBR a(OCoLC)5336982214aHA179b.C456 2002eb04a306.222100aCensus and identityh[electronic resource] :bthe politics of race, ethnicity, and language in national census /cedited by David I. Kertzer and Dominique Arel. aCambridge, UK ;aNew York :bCambridge University Press,c2002. axi, 210 p.1 aNew perspectives on anthropological and social demography aIncludes bibliographical references and index. aElectronic reproduction.bPalo Alto, Calif. :cebrary,d2013.nAvailable via World Wide Web.nAccess may be limited to ebrary affiliated libraries. 0aCensusxMethodologyvCase studies. 0aRacevCase studies. 0aEthnicityvCase studies. 0aLinguistic demographyvCase studies. 7aElectronic books.2local1 aKertzer, David I.,d1948-1 aArel, Dominique,d1947-2 aebrary, Inc. 0aNew perspectives on anthropological and social demography.40uhttp://site.ebrary.com/lib/rucke/Doc?id=10040861zAn electronic book accessible through the World Wide Web; click to view c60574d60574